| 000 | 00607nam a22001817a 4500 | ||
|---|---|---|---|
| 005 | 20170801163838.0 | ||
| 010 | _aENG-119501 | ||
| 020 |
_c400.00 _a9788184655001 |
||
| 035 | _aEN-103033 | ||
| 037 | _bDBAD/PUB | ||
| 082 | _a880.9 | ||
| 100 | _aChrisina Manohar | ||
| 245 |
_aSpirit, time and eternity : _cby Chrisina Manohar _bEast-West reflections / |
||
| 260 |
_aDelhi _bThe Indian Society for Promoting Christian Knowlewdge(ISPCK)) _c2015 |
||
| 270 |
_a1585,1654 Madarsa Road Kashmere Gate _bDelhi _e110006 |
||
| 300 |
_axiv,320p. _c24cm(pbk) _bill |
||
| 942 |
_2ddc _cEN _mCHR _h880.9 |
||
| 999 |
_c143030 _d143030 |
||